[Event "23.Schlosspark-Open"]
[Site "Wiesbaden"]
[Date "2011.08.27"]
[Round "5.27"]
[White "Minz, Michail"]
[Black "Zimmer, Gerald"]
[Result "1-0"]
[WhiteElo "2107"]
[BlackElo "1944"]
[PlyCount "129"]
[EventDate "2011.??.??"]
[WhiteTeam "SK Gau-Algesheim"]
[BlackTeam "SC Bergen-Enkheim 1922"]

1. e4 e6 2. d4 d5 3. Nc3 Bb4 4. e5 c5 5. a3 Bxc3+ 6. bxc3 Qc7 7. Nf3 b6 8. Bd3
Ba6 9. O-O Bxd3 10. Qxd3 Ne7 11. a4 Nbc6 12. Ba3 c4 13. Qd2 h6 14. g3 O-O-O 15.
Rfb1 Na5 16. Nh4 g5 17. Ng2 f5 18. exf6 Ng6 19. Re1 Qf7 20. f4 gxf4 21. Nxf4
Rde8 22. Nxg6 Qxg6 23. Rf1 Rh7 24. Rf2 Rf7 25. Raf1 Nc6 26. Bd6 Kd7 27. Be5
Ref8 28. Qc1 Qg5 29. Qxg5 hxg5 30. Kg2 Nd8 31. g4 Rh7 32. Rf3 Rh4 33. h3 Nf7
34. a5 b5 35. Bg3 Rh6 36. Rh1 Rfh8 37. Be5 a6 38. Kf2 Nxe5 39. dxe5 Rf8 40. Ke3
Rf7 41. h4 Ke8 42. Kd4 Rfh7 43. f7+ Rxf7 44. Rxf7 Kxf7 45. h5 Rh8 46. Rf1+ Ke7
47. Kc5 Rf8 48. Rh1 Kf7 49. Kb6 b4 50. cxb4 Rb8+ 51. Kc5 Rb5+ 52. Kd6 d4 53.
Rf1+ Kg7 54. Kxe6 Rxb4 55. Rf7+ Kg8 56. Rd7 d3 57. cxd3 cxd3 58. Kf5 Rb5 59.
Rxd3 Rxa5 60. Rd7 Rb5 61. Ra7 a5 62. Kf6 Rb4 63. Kxg5 a4 64. Kf5 Rb5 65. g5 1-0

[Event "23.Schlosspark-Open"]
[Site "Wiesbaden"]
[Date "2011.08.27"]
[Round "5.28"]
[White "Seickel, Ralf"]
[Black "Will, Patrick"]
[Result "1-0"]
[WhiteElo "1890"]
[BlackElo "2021"]
[PlyCount "99"]
[EventDate "2011.??.??"]
[WhiteTeam "vereinslos"]
[BlackTeam "SC Bad Nauheim"]

1. c4 Nf6 2. g3 g6 3. Bg2 Bg7 4. Nc3 d6 5. e4 c5 6. Nge2 Nc6 7. d4 cxd4 8. Nxd4
O-O 9. Nc2 a6 10. O-O Qc7 11. b3 b6 12. Bb2 e6 13. Rc1 Bb7 14. Ne3 Rad8 15.
Ncd5 exd5 16. cxd5 Bc8 17. Rxc6 Qb8 18. Qa1 Ne8 19. Bxg7 Nxg7 20. Qd4 b5 21.
Rfc1 Bd7 22. Rc7 Rc8 23. Rxc8 Rxc8 24. Rxc8+ Qxc8 25. h4 Ne8 26. Kh2 f6 27. f4
Qc7 28. a4 Kf7 29. axb5 axb5 30. Bh3 Bxh3 31. Kxh3 Qc1 32. Kg2 Qe1 33. Ng4 Qb1
34. b4 Qa2+ 35. Nf2 Qa3 36. Nd3 Qa2+ 37. Nf2 Qa3 38. Ng4 h5 39. Nf2 Kf8 40. Nd3
Qa2+ 41. Nf2 Qa3 42. e5 fxe5 43. fxe5 dxe5 44. Qc5+ Kf7 45. Qxb5 Qa7 46. Qc6
Qb8 47. b5 Nd6 48. b6 Ke7 49. Qc5 Qc8 50. Qxc8 1-0

[Event "23.Schlosspark-Open"]
[Site "Wiesbaden"]
[Date "2011.08.27"]
[Round "5.29"]
[White "Preiß, Vincent"]
[Black "Schwarz, Eduard"]
[Result "0-1"]
[WhiteElo "1869"]
[BlackElo "2088"]
[PlyCount "70"]
[EventDate "2011.??.??"]
[WhiteTeam "SV Saarbrücken 1970"]
[BlackTeam "SG Turm Idstein"]

1. e4 e5 2. f4 Bc5 3. Nf3 d6 4. Nc3 Nf6 5. d3 Nc6 6. Na4 Bb6 7. Nxb6 axb6 8. c3
O-O 9. Be2 Qe7 10. O-O Be6 11. a4 Na5 12. Ra3 Rad8 13. b4 Nc6 14. Qe1 Bc8 15.
Bd1 Rfe8 16. Bb3 h6 17. Qh4 Be6 18. Bc2 exf4 19. Bxf4 Bg4 20. h3 Bxf3 21. Rxf3
Ne5 22. Rf1 Ng6 23. Qf2 Nxf4 24. Qxf4 d5 25. Re1 d4 26. Rb1 c5 27. c4 Nd7 28.
Qc7 Qg5 29. bxc5 Nxc5 30. Qh2 Qe3+ 31. Kh1 Nxe4 32. dxe4 Qxa3 33. Bb3 d3 34.
Qc7 d2 35. c5 Qxb3 0-1

[Event "23.Schlosspark-Open"]
[Site "Wiesbaden"]
[Date "2011.08.27"]
[Round "5.30"]
[White "Bösch, Udo"]
[Black "Barisch, Florian"]
[Result "1/2-1/2"]
[WhiteElo "2071"]
[BlackElo "1954"]
[PlyCount "56"]
[EventDate "2011.??.??"]
[WhiteTeam "SK Ebringen"]
[BlackTeam "SV 1934 Ffm-Griesheim"]

1. c4 c6 2. g3 d5 3. Bg2 Nf6 4. b3 Bf5 5. Nf3 e6 6. O-O Bd6 7. Bb2 Nbd7 8. d4
O-O 9. Nbd2 h6 10. Re1 Bh7 11. Ne5 Qc7 12. f4 Qd8 13. e3 Qe7 14. h3 Bb4 15. Rf1
Bxd2 16. Qxd2 Ne4 17. Bxe4 Bxe4 18. Nxd7 Qxd7 19. Kh2 Qe7 20. a4 Qc7 21. Rfc1
Rac8 22. c5 Kh7 23. b4 a6 24. a5 Qd7 25. Rg1 Rg8 26. Qf2 Qc7 27. Bc3 Rcd8 28.
Rgd1 Rh8 1/2-1/2

[Event "23.Schlosspark-Open"]
[Site "Wiesbaden"]
[Date "2011.08.27"]
[Round "5.31"]
[White "Will, Dominik"]
[Black "Machlin, Maxim"]
[Result "1/2-1/2"]
[WhiteElo "2040"]
[BlackElo "1943"]
[PlyCount "52"]
[EventDate "2011.??.??"]
[WhiteTeam "SC Bad Nauheim"]
[BlackTeam "Biebertaler SF"]

1. e4 Nf6 2. e5 Nd5 3. d4 d6 4. Nf3 dxe5 5. Nxe5 c6 6. c4 Nb4 7. Nd3 e5 8. dxe5
Qa5 9. Nc3 Nxd3+ 10. Bxd3 Qxe5+ 11. Qe2 Qxe2+ 12. Bxe2 Be6 13. Be3 Nd7 14. O-O
Nf6 15. a3 Bd6 16. h3 O-O 17. Na4 Rfe8 18. Rfd1 Bf8 19. Rac1 b6 20. Bf3 Rac8
21. Bf4 b5 22. cxb5 Bb3 23. Bxc6 Bxa4 24. Bxe8 Rxe8 25. Re1 Rxe1+ 26. Rxe1 Bxb5
1/2-1/2

[Event "23.Schlosspark-Open"]
[Site "Wiesbaden"]
[Date "2011.08.27"]
[Round "5.32"]
[White "Glinzer, Christoph"]
[Black "Beulertz, Stefan"]
[Result "1-0"]
[WhiteElo "2058"]
[BlackElo "1897"]
[PlyCount "75"]
[EventDate "2011.??.??"]
[WhiteTeam "SC Alzenau"]
[BlackTeam "Malta Chess Federation"]

1. e4 e6 2. d4 d5 3. Nc3 dxe4 4. Nxe4 Nd7 5. Bd3 Ngf6 6. Qe2 c5 7. Nf3 Qb6 8.
Nxf6+ Nxf6 9. Bb5+ Bd7 10. Bxd7+ Nxd7 11. d5 Be7 12. dxe6 Qxe6 13. Qxe6 fxe6
14. Bf4 O-O 15. O-O-O Nb6 16. Bg3 Bf6 17. Rhe1 Rfe8 18. Ne5 Bxe5 19. Bxe5 Rad8
20. b3 Rd7 21. c4 Red8 22. Rxd7 Rxd7 23. Bb8 Nc8 24. Rxe6 Kf7 25. Re4 a6 26.
Kc2 b6 27. Be5 g6 28. Re3 Ne7 29. Rd3 Rb7 30. f4 Nc6 31. Rd6 Nxe5 32. fxe5 Ke7
33. Kd3 a5 34. a4 Rd7 35. Rxd7+ Kxd7 36. Ke4 Ke6 37. g3 h6 38. h3 1-0

[Event "23.Schlosspark-Open"]
[Site "Wiesbaden"]
[Date "2011.08.27"]
[Round "5.33"]
[White "Schupp, Tobias"]
[Black "Schellen, Sven"]
[Result "1-0"]
[WhiteElo "2041"]
[BlackElo "1754"]
[PlyCount "79"]
[EventDate "2011.??.??"]
[WhiteTeam "SK Niederbrechen 1948"]
[BlackTeam "Sfr. Frankfurt 1921"]

1. Nf3 Nf6 2. g3 d5 3. Bg2 c5 4. c4 e6 5. O-O Nc6 6. cxd5 exd5 7. d4 cxd4 8.
Nxd4 Qb6 9. Nb3 Be6 10. Be3 d4 11. Nxd4 Nd5 12. Bxd5 Bxd5 13. Ne6 Qa5 14. Qxd5
fxe6 15. Qxe6+ Be7 16. Nc3 Qe5 17. Qxe5 Nxe5 18. Bd4 Bf6 19. Nd5 Kd7 20. Nxf6+
gxf6 21. Bxe5 fxe5 22. Rfd1+ Ke6 23. Rac1 Rac8 24. Kg2 Rhd8 25. Rxc8 Rxd1 26.
Rc7 Rd2 27. Rxb7 Rxe2 28. Kf3 Rc2 29. Rxh7 Rxb2 30. Rxa7 Kd5 31. h4 Kd4 32.
Rd7+ Kc5 33. a3 e4+ 34. Ke3 Ra2 35. h5 Kc6 36. Rd2 Rxa3+ 37. Kxe4 Ra5 38. g4
Ra4+ 39. Rd4 Ra2 40. f4 1-0

[Event "23.Schlosspark-Open"]
[Site "Wiesbaden"]
[Date "2011.08.27"]
[Round "5.34"]
[White "Mayer, Frank"]
[Black "Krebs, Armin"]
[Result "1-0"]
[WhiteElo "2204"]
[BlackElo "1896"]
[PlyCount "93"]
[EventDate "2011.??.??"]
[WhiteTeam "Wiesbadener SV 1885"]
[BlackTeam "SV Ebersbach"]

1. e4 c5 2. c3 d5 3. exd5 Qxd5 4. d4 Nc6 5. Nf3 cxd4 6. cxd4 e5 7. Nc3 Bb4 8.
Bd2 Bxc3 9. Bxc3 e4 10. Ne5 Nxe5 11. dxe5 Ne7 12. Qa4+ Bd7 13. Qa3 Nc6 14. Rd1
Qe6 15. Be2 Qe7 16. Qb3 O-O 17. O-O Be6 18. Bc4 Rfd8 19. Bxe6 Qxe6 20. Qxb7
Nxe5 21. Qxe4 Ng6 22. Qxe6 fxe6 23. Rfe1 Kf7 24. g3 Ne7 25. f4 Rxd1 26. Rxd1
Nd5 27. Rd3 g6 28. Kf2 Rb8 29. Bd4 Rb4 30. Ke2 h5 31. Kd2 Nf6 32. Bxf6 Kxf6 33.
Kc3 a5 34. a3 Re4 35. b4 axb4+ 36. axb4 e5 37. fxe5+ Kxe5 38. b5 h4 39. b6 hxg3
40. hxg3 Kf5 41. Rd4 Re3+ 42. Kc4 Re8 43. Kc5 Rc8+ 44. Kb5 Ke5 45. Rb4 Kd5 46.
b7 Rf8 47. Kb6 1-0

[Event "23.Schlosspark-Open"]
[Site "Wiesbaden"]
[Date "2011.08.27"]
[Round "5.35"]
[White "Beck, Michael"]
[Black "Ruppert, Wolfgang"]
[Result "1-0"]
[WhiteElo "1885"]
[BlackElo "2155"]
[PlyCount "141"]
[EventDate "2011.??.??"]
[WhiteTeam "SC Flörsheim 1921"]
[BlackTeam "SC Flörsheim 1921"]

1. Nf3 f5 2. g3 Nf6 3. Bg2 g6 4. O-O Bg7 5. d4 O-O 6. b4 Nc6 7. b5 Na5 8. Qd3
d5 9. Bf4 Nc4 10. Ne5 Be6 11. Nd2 Nxd2 12. Qxd2 Ne4 13. Qe3 Qc8 14. Bh6 Bxh6
15. Qxh6 Rf6 16. Qe3 Nd6 17. Rab1 a6 18. a4 axb5 19. axb5 Ra5 20. Qc3 Rxb5 21.
Rxb5 Nxb5 22. Qc5 c6 23. Qxe7 Rf8 24. e3 Re8 25. Qb4 Qc7 26. Ra1 g5 27. Bf1 Nd6
28. Ra7 Re7 29. Qa5 Qxa5 30. Rxa5 Kg7 31. f4 h6 32. Bd3 Kf6 33. Ra7 Bf7 34. Be2
Be8 35. Kf2 Ne4+ 36. Ke1 c5 37. Ra5 cxd4 38. exd4 Rc7 39. Bd3 Ke6 40. Ke2 gxf4
41. gxf4 Bh5+ 42. Ke3 Nd6 43. Ra4 Be8 44. Rb4 b5 45. Rb1 Rg7 46. Kf3 Ne4 47.
Ra1 Bh5+ 48. Ke3 Rg2 49. Ra6+ Ke7 50. Rxh6 Rxh2 51. Bxe4 dxe4 52. d5 Re2+ 53.
Kd4 Be8 54. d6+ Kd8 55. c4 bxc4 56. Kxc4 Rd2 57. Rh8 e3 58. d7 Rxd7 59. Nxd7 e2
60. Nf6 e1=Q 61. Rxe8+ Qxe8 62. Nxe8 Kxe8 63. Kd5 Kf7 64. Kd6 Kf6 65. Kd5 Kf7
66. Ke5 Ke7 67. Kxf5 Kf7 68. Ke5 Ke7 69. f5 Kf7 70. f6 Kf8 71. Ke6 1-0

[Event "23.Schlosspark-Open"]
[Site "Wiesbaden"]
[Date "2011.08.27"]
[Round "5.36"]
[White "Kreiling, Carsten"]
[Black "Kuhnigk, Thomas"]
[Result "1-0"]
[WhiteElo "2138"]
[BlackElo "1701"]
[PlyCount "83"]
[EventDate "2011.??.??"]
[WhiteTeam "SVG Eppstein 1932"]
[BlackTeam "SC Taunusstein 1966"]

1. d4 Nf6 2. c4 e6 3. Nf3 d5 4. Nc3 Be7 5. Bg5 Nbd7 6. e3 O-O 7. cxd5 exd5 8.
Bd3 Re8 9. Qc2 c6 10. O-O Ne4 11. Bxe4 Bxg5 12. Bxh7+ Kh8 13. Bd3 Nf8 14. Ne2
Re6 15. Ng3 Ng6 16. Bf5 Rd6 17. Bxc8 Rxc8 18. e4 Nf4 19. e5 Rg6 20. Qf5 Rc7 21.
Rfe1 Qd7 22. Qxd7 Rxd7 23. Nxg5 Rxg5 24. Re3 Rg4 25. h3 Rg6 26. Rf3 Ne6 27. Rd1
Kg8 28. Ne2 Kf8 29. Nf4 Nxf4 30. Rxf4 Rh6 31. Rg4 Re6 32. f4 g6 33. Rg5 c5 34.
dxc5 d4 35. Rg3 g5 36. Rxg5 d3 37. Rg3 d2 38. Re3 f6 39. Re2 fxe5 40. fxe5 Rd5
41. Rexd2 Rxc5 42. Rd8+ 1-0

[Event "23.Schlosspark-Open"]
[Site "Wiesbaden"]
[Date "2011.08.27"]
[Round "5.37"]
[White "Launert, Martin"]
[Black "Schmitt, Hans Walter"]
[Result "1/2-1/2"]
[WhiteElo "1875"]
[BlackElo "2130"]
[PlyCount "101"]
[EventDate "2011.??.??"]
[WhiteTeam "Sfr.Erbach"]
[BlackTeam "Chess Tigers SFV"]

1. e4 d5 2. exd5 Nf6 3. d4 Bg4 4. Be2 Bxe2 5. Qxe2 Qxd5 6. Nf3 e6 7. O-O Bd6 8.
c4 Qh5 9. Nc3 c6 10. h3 O-O 11. Ne4 Nxe4 12. Qxe4 Nd7 13. Bf4 Nf6 14. Qe3 Bxf4
15. Qxf4 Rad8 16. Rfe1 Qg6 17. Rac1 Rfe8 18. Ne5 Qf5 19. Qxf5 exf5 20. Rcd1 h6
21. Re3 f4 22. Red3 g5 23. Ng4 Kg7 24. Kf1 h5 25. Nxf6 Kxf6 26. d5 cxd5 27.
Rxd5 Rxd5 28. Rxd5 b6 29. a3 Re5 30. Rd6+ Ke7 31. Rd3 f6 32. f3 f5 33. Kf2 Rc5
34. Rc3 Re5 35. b4 a5 36. Rd3 a4 37. Rc3 Kd7 38. Rd3+ Kc7 39. Rc3 Re6 40. c5
Re5 41. cxb6+ Kxb6 42. Kf1 Re6 43. Kf2 Rd6 44. Ke2 Re6+ 45. Kd2 Re5 46. Rd3 Kc6
47. Rd4 Re3 48. Rd3 Re6 49. Kc3 Re2 50. Rd2 Re3+ 51. Rd3 1/2-1/2

[Event "23.Schlosspark-Open"]
[Site "Wiesbaden"]
[Date "2011.08.27"]
[Round "5.38"]
[White "Kolker, Vladislav"]
[Black "Wang, Julia"]
[Result "0-1"]
[WhiteElo "2086"]
[BlackElo "1719"]
[PlyCount "76"]
[EventDate "2011.??.??"]
[WhiteTeam "Sfr.1891 Friedberg"]
[BlackTeam "Heilbronner SV"]

1. e4 c6 2. Nf3 d5 3. exd5 cxd5 4. Ne5 Nf6 5. d4 Nc6 6. f4 Bf5 7. c3 e6 8. Nd2
Be7 9. Bb5 Qb6 10. Qe2 a6 11. Bd3 Bxd3 12. Qxd3 Rc8 13. O-O O-O 14. Kh1 Qc7 15.
b3 Nd7 16. Ndf3 Ncxe5 17. fxe5 Qxc3 18. Qe2 Qxa1 19. Bg5 Qc3 20. Bxe7 Rfe8 21.
Bg5 Qc2 22. Bd2 h6 23. Qf2 Rf8 24. Qh4 Qd3 25. Kg1 Rc2 26. Qf4 Nb8 27. Bb4 Qe2
28. Nd2 g5 29. Qf6 Rxd2 30. Bxd2 Qxd2 31. Qxh6 Qxd4+ 32. Kh1 Qxe5 33. h4 Qg7
34. Qh5 Rc8 35. hxg5 Nd7 36. Rf3 Rc1+ 37. Kh2 Qe5+ 38. g3 Qe2+ 0-1

[Event "23.Schlosspark-Open"]
[Site "Wiesbaden"]
[Date "2011.08.27"]
[Round "5.39"]
[White "Busche, Stefan"]
[Black "Schünemann, Robert"]
[Result "1/2-1/2"]
[WhiteElo "2079"]
[BlackElo "1649"]
[PlyCount "139"]
[EventDate "2011.??.??"]
[WhiteTeam "SV Saarbrücken 1970"]
[BlackTeam "SV Saarbrücken 1970"]

1. e4 c5 2. c3 d5 3. exd5 Qxd5 4. d4 Nc6 5. Nf3 Bg4 6. Be2 e6 7. O-O Nf6 8. h3
Bh5 9. Be3 Rd8 10. Qa4 cxd4 11. cxd4 Nd7 12. Nc3 Qd6 13. Rfd1 Nb6 14. Qb5 Bg6
15. d5 exd5 16. Bxb6 axb6 17. Rxd5 Qb4 18. Rxd8+ Kxd8 19. Rd1+ Bd6 20. Qd5 Ke7
21. Qg5+ f6 22. Nd5+ Kd7 23. Nxb4 fxg5 24. Bb5 Rd8 25. Kf1 Kc7 26. Nd5+ Kb8 27.
Nxb6 Bc7 28. Rxd8+ Bxd8 29. Nd7+ Kc7 30. Nf8 Bf6 31. Nxg6 hxg6 32. Bxc6 Kxc6
33. Ke2 g4 34. hxg4 Bxb2 35. Nh4 g5 36. Nf5 Bf6 37. Kd3 Kc5 38. Ng3 Ba1 39.
Ne4+ Kb4 40. Nd6 b6 41. Nc4 Kc5 42. Nd2 Kb4 43. Kc2 Ka3 44. Nc4+ Kxa2 45. Nxb6
Bd4 46. Nc4 Bxf2 47. Kd3 Kb3 48. Nd6 Kb4 49. Ne4 Be1 50. Nxg5 Bc3 51. Ke4 Kc5
52. Kf5 Kd5 53. Nf3 Ba1 54. g5 Bb2 55. Nh4 Ba1 56. Kg6 Ke5 57. g3 Ke4 58. Nf5
Kf3 59. Nxg7 Kxg3 60. Ne6 Kg4 61. Kf7 Bb2 62. g6 Kf5 63. Ng7+ Kg5 64. Ne6+ Kf5
65. Nc5 Ba1 66. Nd7 Bb2 67. Nb6 Ba1 68. Nd5 Bb2 69. Ne7+ Kg5 70. g7 1/2-1/2

[Event "23.Schlosspark-Open"]
[Site "Wiesbaden"]
[Date "2011.08.27"]
[Round "5.40"]
[White "Müller, Lutz"]
[Black "Maleski, Heinz"]
[Result "1-0"]
[WhiteElo "2064"]
[BlackElo "1506"]
[PlyCount "99"]
[EventDate "2011.??.??"]
[WhiteTeam "Sfr.Mainz 1928"]
[BlackTeam "SC Budenheim"]

1. e4 c5 2. f4 Nc6 3. Nf3 g6 4. Nc3 Bg7 5. Bc4 e6 6. O-O Nge7 7. e5 d5 8. exd6
Qxd6 9. d3 a6 10. a4 O-O 11. Kh1 b6 12. Ne4 Qd7 13. c3 Bb7 14. Qe1 Rad8 15. a5
Nxa5 16. Nxc5 Qc6 17. Nxb7 Qxb7 18. Be3 Nxc4 19. dxc4 Nf5 20. Qf2 Nxe3 21. Qxe3
Rd6 22. Rfd1 Rfd8 23. Rxd6 Rxd6 24. Kg1 Qc8 25. Qe4 Rc6 26. Ra4 b5 27. cxb5
axb5 28. Nd4 Bxd4+ 29. Rxd4 Qc7 30. Qd3 Qb6 31. Kf1 Rc8 32. Rb4 Rb8 33. Qd4 Qc7
34. Qe5 Qxe5 35. fxe5 Kg7 36. Ke2 f6 37. exf6+ Kxf6 38. c4 Ke5 39. Rxb5+ Rxb5
40. cxb5 Kd5 41. Ke3 Kc5 42. Ke4 Kxb5 43. Ke5 Kb4 44. Kxe6 Kb3 45. g4 Kxb2 46.
g5 Kc3 47. Kf6 Kd4 48. Kg7 Ke5 49. Kxh7 Kf5 50. Kh6 1-0

[Event "23.Schlosspark-Open"]
[Site "Wiesbaden"]
[Date "2011.08.27"]
[Round "5.41"]
[White "Krzesinski, Paul"]
[Black "Puzzo, Peter"]
[Result "1-0"]
[WhiteElo "1832"]
[BlackElo "1471"]
[PlyCount "67"]
[EventDate "2011.??.??"]
[WhiteTeam "Frankfurter TV 1860"]
[BlackTeam "Sfr. Frankfurt 1921"]

1. e4 c5 2. Nf3 d6 3. d4 cxd4 4. Nxd4 Nf6 5. Nc3 a6 6. Be2 e5 7. Nb3 Be6 8. Bg5
Nbd7 9. O-O Qc7 10. f4 Nb6 11. Qe1 O-O-O 12. f5 Bc4 13. Rf3 Bxe2 14. Qxe2 Kb8
15. Rd1 Be7 16. Rfd3 Rc8 17. Nd2 h5 18. h3 Qc6 19. Nf1 Nc4 20. Bc1 Nd7 21. b3
Ncb6 22. Ba3 Nc5 23. Bxc5 Qxc5+ 24. Kh1 Rh6 25. Ne3 g5 26. fxg6 Rxg6 27. Ncd5
Nxd5 28. Rxd5 Qb6 29. Nf5 Qc7 30. c4 Rcg8 31. g3 Qc8 32. Nxe7 Rxg3 33. Nxc8
Rxh3+ 34. Qh2 1-0

[Event "23.Schlosspark-Open"]
[Site "Wiesbaden"]
[Date "2011.08.27"]
[Round "5.42"]
[White "Stang, Wolfgang"]
[Black "Eg, Karlheinz"]
[Result "0-1"]
[WhiteElo "1834"]
[BlackElo "2007"]
[PlyCount "78"]
[EventDate "2011.??.??"]
[WhiteTeam "PSV Dorfen"]
[BlackTeam "SV Rüsselsheim 1929"]

1. d4 Nf6 2. Nf3 g6 3. c4 Bg7 4. Bf4 d5 5. Nc3 c6 6. e3 Nbd7 7. h3 O-O 8. Bd3
dxc4 9. Bxc4 Nb6 10. Bd3 Nbd5 11. Bg3 Nb4 12. Bb1 c5 13. O-O cxd4 14. exd4 Be6
15. Qa4 Nbd5 16. Bd3 a6 17. Rac1 Bh6 18. Rce1 b5 19. Qd1 Nb4 20. Be4 Nxe4 21.
Rxe4 Nxa2 22. Nxa2 Bxa2 23. Rfe1 e6 24. Rh4 Bg7 25. Qc1 Rc8 26. Qe3 Bd5 27. Ne5
Bf6 28. Qh6 Bxh4 29. Bxh4 f6 30. Nxg6 Rf7 31. Ne5 Rg7 32. Ng4 Rg6 33. Bxf6 Qa5
34. Qe3 h5 35. Nh6+ Kh7 36. Bg5 Rxg5 37. Nf7 Rxg2+ 38. Kf1 Rg6 39. f3 Rcg8 0-1

[Event "23.Schlosspark-Open"]
[Site "Wiesbaden"]
[Date "2011.08.27"]
[Round "5.43"]
[White "Spelleken, Hans-Gerd"]
[Black "Kettner, Uwe"]
[Result "0-1"]
[WhiteElo "1714"]
[BlackElo "1993"]
[PlyCount "86"]
[EventDate "2011.??.??"]
[WhiteTeam "SC Alzenau"]
[BlackTeam "SAbt TuS Dotzheim"]

1. d4 Nf6 2. Nf3 g6 3. Nbd2 d5 4. c4 c6 5. e3 Bg7 6. Bd3 O-O 7. O-O dxc4 8.
Bxc4 b5 9. Bb3 Bb7 10. e4 Nbd7 11. e5 Nd5 12. Ne4 N7b6 13. Nfg5 h6 14. Nf3 Bc8
15. Bd2 Bf5 16. Re1 Nd7 17. Qc1 Qb6 18. Bxh6 Rfd8 19. Ng3 Be6 20. Re4 Kh7 21.
Rh4 Rh8 22. Ng5+ Kg8 23. Nxe6 fxe6 24. Qg5 Nf8 25. Bc2 Bxh6 26. Rxh6 Rxh6 27.
Qxh6 Qxd4 28. Re1 Qf4 29. Qh3 Kg7 30. Bxg6 Kxg6 31. Qh5+ Kg7 32. Re4 Qc1+ 33.
Nf1 Qh6 34. Rg4+ Ng6 35. Ng3 Rh8 36. Qxh6+ Rxh6 37. Ne2 c5 38. g3 Rh5 39. Nf4
Ndxf4 40. gxf4 Rh4 41. Rg3 Rxf4 42. Ra3 Ra4 43. Rb3 b4 0-1

[Event "23.Schlosspark-Open"]
[Site "Wiesbaden"]
[Date "2011.08.27"]
[Round "5.44"]
[White "Giese, Tilman"]
[Black "Leßmann, Sven"]
[Result "1-0"]
[WhiteElo "1967"]
[BlackElo "1250"]
[PlyCount "111"]
[EventDate "2011.??.??"]
[WhiteTeam "SC Turm Illingen"]
[BlackTeam "SC Bad Soden"]

1. Nf3 d5 2. g3 Nf6 3. Bg2 Nc6 4. d4 e6 5. O-O Be7 6. c4 b6 7. Ne5 Bb7 8. Qa4
Qd6 9. b3 Qb4 10. Qxb4 Nxb4 11. Na3 a6 12. Bd2 Nc6 13. Nc2 O-O 14. Rfd1 Rfd8
15. Rac1 Nxe5 16. dxe5 Nd7 17. Bc3 c6 18. f4 Nc5 19. Bb4 Rd7 20. e4 Rad8 21.
exd5 cxd5 22. cxd5 Bxd5 23. Bxd5 Rxd5 24. Ne3 Rd3 25. Rxd3 Rxd3 26. Rc3 Rxc3
27. Bxc3 Ne4 28. Bd4 b5 29. Kg2 Bb4 30. Nc2 Bd2 31. Kf3 Nc3 32. a3 Nd5 33. Ke2
Ba5 34. Kd3 Bd8 35. Bc5 a5 36. Nd4 b4 37. Nc6 Bc7 38. axb4 axb4 39. Kd4 f6 40.
Ne7+ Nxe7 41. Bxe7 fxe5+ 42. fxe5 Ba5 43. Kc4 Kf7 44. Bxb4 Bc7 45. Bd6 Bb6 46.
Kb5 Bg1 47. h3 Kg6 48. Kc6 Kf5 49. b4 h5 50. b5 Ba7 51. b6 Bxb6 52. Kxb6 g5 53.
Kc6 g4 54. hxg4+ Kxg4 55. Kd7 Kxg3 56. Kxe6 1-0

[Event "23.Schlosspark-Open"]
[Site "Wiesbaden"]
[Date "2011.08.27"]
[Round "5.45"]
[White "Beck, Andreas"]
[Black "Karthaus, Carsten"]
[Result "0-1"]
[WhiteElo "1700"]
[BlackElo "1927"]
[PlyCount "78"]
[EventDate "2011.??.??"]
[WhiteTeam "TSVG1900 Malschenberg"]
[BlackTeam "SC Murrhardt 1948 e.V."]

1. e4 d5 2. exd5 Qxd5 3. Nc3 Qa5 4. d4 c6 5. Nf3 Nf6 6. Ne5 e6 7. Bf4 Be7 8.
Nc4 Qd8 9. Qf3 O-O 10. O-O-O b5 11. Ne5 b4 12. Ne4 Nxe4 13. Qxe4 Qd5 14. Bd3
Qxe4 15. Bxe4 Bb7 16. Rd3 f6 17. Nf3 f5 18. Re1 fxe4 19. Rxe4 Ba6 20. Rde3 Bc4
21. Be5 Nd7 22. Bg3 Bd5 23. Rxe6 Bxe6 24. Rxe6 Bf6 25. Rxc6 Nb6 26. Bd6 Rfe8
27. Ne5 Nd5 28. Ra6 Re6 29. Rc6 Rae8 30. c4 bxc3 31. bxc3 Nxc3 32. Rxc3 Rxd6
33. Nf3 Bxd4 34. Nxd4 Rxd4 35. Rc2 Red8 36. Rc7 Rd1+ 37. Kc2 R1d2+ 38. Kb3 Rb8+
39. Ka3 Rxf2 0-1

[Event "23.Schlosspark-Open"]
[Site "Wiesbaden"]
[Date "2011.08.27"]
[Round "5.46"]
[White "Künitz, Klaus"]
[Black "Larem, Peter"]
[Result "0-1"]
[WhiteElo "1684"]
[BlackElo "1914"]
[PlyCount "40"]
[EventDate "2011.??.??"]
[WhiteTeam "TSV Schott Mainz"]
[BlackTeam "SSG Rödermark-Epp."]

1. d4 Nf6 2. c4 c5 3. Nf3 g6 4. Nc3 cxd4 5. Nxd4 Bg7 6. e4 d6 7. Be2 O-O 8. Be3
Nbd7 9. f3 Ne5 10. Qd2 a6 11. O-O Bd7 12. Rac1 Rc8 13. Nd5 Nxd5 14. cxd5 f5 15.
b4 fxe4 16. fxe4 Rxf1+ 17. Rxf1 Nc4 18. Bxc4 Rxc4 19. Rc1 Qc8 20. a3 Rxc1+ 0-1

[Event "23.Schlosspark-Open"]
[Site "Wiesbaden"]
[Date "2011.08.27"]
[Round "5.47"]
[White "Bykov, Vyacheslav"]
[Black "Kaspereit, Holger"]
[Result "0-1"]
[WhiteElo "1614"]
[BlackElo "2124"]
[PlyCount "50"]
[EventDate "2011.??.??"]
[WhiteTeam "Wiesbadener SV 1885"]
[BlackTeam "SK Ebringen"]

1. d4 Nf6 2. c4 e5 3. dxe5 Ng4 4. Bf4 Nc6 5. Nf3 Bb4+ 6. Nc3 Bxc3+ 7. bxc3 Qe7
8. Qd5 f6 9. exf6 Nxf6 10. Qd3 d6 11. e3 O-O 12. Be2 Ne4 13. Nd4 Nc5 14. Qd2
Bd7 15. O-O Rae8 16. Nb5 Rxf4 17. Nxc7 Rf6 18. Nxe8 Bxe8 19. Bf3 Rxf3 20. gxf3
Ne5 21. Qe2 Bh5 22. Rfb1 Nxf3+ 23. Kh1 Qh4 24. Qxf3 Bxf3+ 25. Kg1 Qh3 0-1

[Event "23.Schlosspark-Open"]
[Site "Wiesbaden"]
[Date "2011.08.27"]
[Round "5.48"]
[White "Klebs, Sebastian"]
[Black "Hehn, Hartmut"]
[Result "0-1"]
[WhiteElo "1738"]
[BlackElo "2080"]
[PlyCount "68"]
[EventDate "2011.??.??"]
[WhiteTeam "vereinslos"]
[BlackTeam "SV Ebersbach"]

1. e4 e5 2. Nc3 Nf6 3. f4 d5 4. exd5 exf4 5. Nf3 Nxd5 6. Nxd5 Qxd5 7. d4 Bd6 8.
c4 Bb4+ 9. Kf2 Qa5 10. Bxf4 O-O 11. Bd3 Bd6 12. Bd2 Qh5 13. c5 Be7 14. Re1 Nc6
15. Be3 Bf6 16. Rb1 Bg4 17. Be4 Rad8 18. Bxc6 bxc6 19. h3 Be6 20. a3 Bd5 21. b4
Rfe8 22. Rb2 Kf8 23. Rd2 Re6 24. Ne5 Qh4+ 25. Kg1 Bxe5 26. dxe5 Rxe5 27. Bf2
Qg5 28. Bd4 Rxe1+ 29. Qxe1 Re8 30. Qd1 Re4 31. Bb2 Re3 32. Kf1 Qg3 33. Re2 Re6
34. Rxe6 Bxg2+ 0-1

[Event "23.Schlosspark-Open"]
[Site "Wiesbaden"]
[Date "2011.08.27"]
[Round "5.49"]
[White "Spinnler, Wolfgang"]
[Black "Reinert, Stéphane"]
[Result "1/2-1/2"]
[WhiteElo "1729"]
[BlackElo "2070"]
[PlyCount "39"]
[EventDate "2011.??.??"]
[WhiteTeam "SC Landskrone"]
[BlackTeam "SC Bad Nauheim"]

1. d4 d5 2. c4 e5 3. dxe5 d4 4. Nf3 Nc6 5. g3 Bf5 6. a3 Qd7 7. Bg2 O-O-O 8. O-O
f6 9. exf6 Nxf6 10. Bg5 h6 11. Bxf6 gxf6 12. Nbd2 Bg7 13. Qa4 Bh3 14. b4 Bxg2
15. Kxg2 Kb8 16. Rad1 f5 17. Nb3 Qe7 18. Rfe1 f4 19. b5 Ne5 20. Nfxd4 1/2-1/2

[Event "23.Schlosspark-Open"]
[Site "Wiesbaden"]
[Date "2011.08.27"]
[Round "5.50"]
[White "Steimbach, Isabel"]
[Black "Menning, Uwe"]
[Result "1-0"]
[WhiteElo "1561"]
[BlackElo "2059"]
[PlyCount "127"]
[EventDate "2011.??.??"]
[WhiteTeam "OSG Baden-Baden"]
[BlackTeam "SC Taunusstein 1966"]

1. e4 c6 2. d4 d5 3. exd5 cxd5 4. Bd3 Nf6 5. c3 Nc6 6. Bf4 Bg4 7. Qb3 Qb6 8.
Qxb6 axb6 9. Nd2 e6 10. Ngf3 Be7 11. O-O O-O 12. Rfe1 Bh5 13. h3 Bg6 14. Bxg6
hxg6 15. Ne5 Nxe5 16. Bxe5 Nd7 17. Bg3 b5 18. Nf3 b4 19. Rec1 Rfc8 20. cxb4
Bxb4 21. a3 Be7 22. Bf4 Nb6 23. Rxc8+ Rxc8 24. Rc1 Rxc1+ 25. Bxc1 Nc4 26. a4
Bb4 27. Kf1 f6 28. b3 Nd6 29. Bd2 Ba3 30. Ke2 Ne4 31. Ba5 Kf7 32. Nd2 Nd6 33.
Bc3 Nc8 34. b4 Bc1 35. b5 Ba3 36. a5 Bd6 37. b6 Bb8 38. Nb3 Ke7 39. Nc5 Nd6 40.
Bb4 Kd8 41. Nxe6+ Kc8 42. Nf4 Nf5 43. Nxd5 Nxd4+ 44. Kd3 Nc6 45. Ne7+ Kd7 46.
Nxc6 Kxc6 47. Kc4 Be5 48. g3 f5 49. Bd2 Bf6 50. Bf4 Bb2 51. Bb8 Bf6 52. f4 Be7
53. Be5 Bc5 54. Bxg7 Bf2 55. g4 Be1 56. gxf5 gxf5 57. Bc3 Bg3 58. Bd2 Bh4 59.
Kd4 Bf6+ 60. Ke3 Kb5 61. Be1 Be7 62. h4 Bxh4 63. Bxh4 Kxa5 64. Bd8 1-0